Catalog

Record Details

Catalog Search



Dual Tableaux: Foundations, Methodology, Case Studies Cover Image E-book E-book

Dual Tableaux: Foundations, Methodology, Case Studies [electronic resource] / by Ewa Orlowska, Joanna Golińska Pilarek.

Orlowska, Ewa. (Author). Golińska Pilarek, Joanna. (Added Author). SpringerLink (Online service) (Added Author).

Record details

  • ISBN: 9789400700055
  • Physical Description: XVI, 524 p. digital.
  • Publisher: Dordrecht : Springer Netherlands, 2011.
Subject: Mathematics.
Logic.
Computer science.
Logic, Symbolic and mathematical.
Mathematics.
Mathematical Logic and Foundations.
Mathematical Logic and Formal Languages.
Logic.

Electronic resources


LDR 01335nam a22003975i 4500
0016156
003CONS
00520121230035351.0
007cr nn 008mamaa
008120105s2011 ne | s |||| 0|eng d
020 . ‡a9789400700055 ‡9978-94-007-0005-5
0247 . ‡a10.1007/978-94-007-0005-5 ‡2doi
035 . ‡a(DE-He213)978-94-007-0005-5
050 4. ‡aQA8.9-10.3
072 7. ‡aPBC ‡2bicssc
072 7. ‡aPBCD ‡2bicssc
072 7. ‡aMAT018000 ‡2bisacsh
1001 . ‡aOrlowska, Ewa.
24510. ‡aDual Tableaux: Foundations, Methodology, Case Studies ‡h[electronic resource] / ‡cby Ewa Orlowska, Joanna Golińska Pilarek.
260 . ‡aDordrecht : ‡bSpringer Netherlands, ‡c2011.
300 . ‡aXVI, 524 p. ‡bdigital.
4900 . ‡aTrends in Logic ; ‡v33
650 0. ‡aMathematics.
650 0. ‡aLogic.
650 0. ‡aComputer science.
650 0. ‡aLogic, Symbolic and mathematical.
65014. ‡aMathematics.
65024. ‡aMathematical Logic and Foundations.
65024. ‡aMathematical Logic and Formal Languages.
65024. ‡aLogic.
7001 . ‡aGolińska Pilarek, Joanna.
7102 . ‡aSpringerLink (Online service)
7730 . ‡tSpringer eBooks
77608. ‡iPrinted edition: ‡z9789400700048
830 0. ‡aTrends in Logic ; ‡v33
85640. ‡uhttp://dx.doi.org/10.1007/978-94-007-0005-5 ‡9CONS
950 . ‡aMathematics and Statistics (Springer-11649)
901 . ‡a6156 ‡b ‡c6156 ‡tbiblio ‡sSystem Local

Additional Resources